| 000 | 00483nam a22001697a 4500 | ||
|---|---|---|---|
| 003 | BD-ChCU | ||
| 005 | 20251125140353.0 | ||
| 008 | 251125b usa ||||| |||| 00| 0 eng d | ||
| 040 | _cBD-ChCU | ||
| 082 | _a361 SKI | ||
| 100 |
_aSkidmore, Rex A. _916884 |
||
| 245 |
_aIntroduction to social work / _cRex A. Skidmore and Milton G. Thackeray |
||
| 260 |
_aN.Y.: _bAppleton- Century- Crofts, _cc1964 |
||
| 300 | _aviii, 404p. | ||
| 650 | 0 |
_aSocial Work _916885 |
|
| 942 |
_2ddc _cBK _n0 |
||
| 999 |
_c109821 _d109821 |
||